Delincuencia femenina Representaciones, prc̀ticas y negociacin̤ judicial, Distrito Federal (1940-1954) /

Detalles Bibliográficos
Autor principal: Santillǹ Esqueda, Martha
Formato: eBook
Lenguaje:español
Publicado: Ciudad de Mx̌ico: Instituto de ciencias penales de Mx̌ico (INACIPE), 2016
Materias:
Acceso en línea:Acceso restringido

MARC

LEADER 00000nam a22000007a 4500
005 2018111707017.0
007 cr|||| ||||
008 181117s2016 mx |||||s|||| 00||0 spa d
020 |a 978-607-8447-67-1 
035 |a 22471 
040 |a vLex 
090 |c 8317  |d 8317 
100 1 |a Santillǹ Esqueda, Martha 
245 1 0 |a Delincuencia femenina  |h [Recurso electrn̤ico] :  |b Representaciones, prc̀ticas y negociacin̤ judicial, Distrito Federal (1940-1954) /  |c Martha Santillǹ Esqueda 
256 |a Servicio en ln̕ea 
260 |a Ciudad de Mx̌ico:  |b Instituto de ciencias penales de Mx̌ico (INACIPE),  |c 2016 
300 |a 1 recurso electrn̤ico 
506 1 |a Disponible solo en los productos indicados  |d vLex Global  |d vLex Global (Academic Edition, excluding Law Schools)  |d vLex Global (U.S. Academic Edition, Law Schools)  |d vLex Global (U.S. Academic Edition, excluding Law Schools)  |d vLex Global (Academic Edition, Law Schools) 
650 0 4 |a Derecho Penal  |z Mx̌ico 
740 0 |a vLex Libros (Servicio en ln̕ea) 
856 4 0 |u http://vlex.com/source/delincuencia-femenina-representaciones-practicas-negociacion-judicial-distrito-federal-1940-1954-22471  |z Acceso restringido 
942 |c BOOK 
999 0 |a Criminal law